书目信息 |
| 书名: | Is this any way to run a democratic election? | |
| 作者: | Wayne. | |
| 分册号: | ||
| 分册名: | 出版地: | Boston N.Y. : |
|
| 出版社: | Houghton Mifflin CO | |
| 出版时间: | 2001. | |
| 页数: | 210 p. ; | |
| 开本: | 24cm. | |
| 丛书名: | ||
| 中图分类号: | ||
| 科图分类号: | ||
| 其他分类号: | D771.224 | |
| 主题词: | ||
| 电子资源: | ||
| 000 | 00462nam 2200145 a 4500 | |
| 001 | E0430597562 | |
| 005 | 2004122108295756 | |
| 008 | 041221s2001 00010 eng | |
| 020 | @a0-395-95434-7 :@cCNY 12.00. | |
| 040 | @aPFT@beng | |
| 090 | @aD771.224 | |
| 099 | @dD771.224@eW359 | |
| 245 | @aIs this any way to run a democratic election? :@bdebating American electoral politics / @cWayne. | |
| 260 | @aBoston N.Y. :@bHoughton Mifflin CO.,@c2001. | |
| 300 | @a210 p. ;@c24cm. | |
| Is this any way to run a democratic election? : : debating American electoral politics / / Wayne.-Boston N.Y. : : Houghton Mifflin CO., , 2001. |
| 210 p. ; ; 24cm. |
| ISBN 0-395-95434-7 :CNY 12.00. |
| ● |
| 相关链接 |
|
|
|
正题名:Is this any way to run a democratic elec
索取号:D771.224/W359
 
预约/预借
| 序号 | 登录号 | 条形码 | 馆藏地/架位号 | 状态 | 备注 |
| 1 | 04818 | 300048188 | 社科库509/509社科库 53排2列3层/ [索取号:D771.224/W359] | 在馆 | |
| 2 | 05202 | 300052029 | 社科库509/509社科库 53排2列3层/ [索取号:D771.224/W359] | 在馆 | |
| 3 | 05203 | 300052038 | 社科库509/509社科库 53排2列3层/ [索取号:D771.224/W359] | 在馆 |